Amsterdamer Beiträge zur älteren Germanistik.

محفوظ في:

التنسيق: دورية

اللغة: Undetermined

الموضوعات:

الوصول للمادة أونلاين: Login to view Source

الوسوم: إضافة وسم

لا توجد وسوم, كن أول من يضع وسما على هذه التسجيلة!

رقم الطلب:

LEADER 00553nms a2200181 a 4500
005 20240402050131.0
008 240131s9999||||xx |||||||||||||||||und||
999 |c 56318  |d 56318 
022 |a 0165-7305 
022 |a 1875-6719 
245 0 0 |a Amsterdamer Beiträge zur älteren Germanistik. 
336 |2 rdacontent  |a text  |b txt 
337 |2 rdamedia  |a unmediated  |b n 
338 |2 rdacarrier  |a volume  |b n 
500 |a BRILLBRILLJ 
650 4 |a Historical & comparative linguistics. 
856 |z ABAG  |u https://brill.com/view/journals/abag/abag-overview.xml 
942 |2 lcc  |c EJL